000 00616nam a22001937a 4500
005 20250430115647.0
010 _aENG-144747
020 _a9788197146916
_c350.00
035 _aEN-128279
037 _bDBAD
082 _a331.544
245 _aChronicle Socio-Economics :
_bIssues, Reforms, Challenges & Development
_cEdited by N.N. Ojha
250 _a2nd
260 _aNoida
_bChronicle Publication
_c2024
270 _aA-27D, Sector 16
_bNoida
_e201301
_k0120-2514610/12
_minfo@chronicleindia.in
300 _a290p.
_c28cm(pbk)
700 _aOjha, N.N.
_977953
942 _2ddc
_cEN
_h331.544
_mCHR
999 _c209341
_d209341